Buteurs des rencontres entre le Big 6 2022/23 - Statistiques

Statistiques générales
  • Ce quiz a été pris 61 fois
  • Le résultat moyen est 23 sur 46
Statistiques - réponses
Buteur Nombre de buts Contre Man. City Contre Arsenal Contre Man. United Contre Liverpool Contre Tottenham Contre Chelsea % Correct
Haaland 6 /// 2 3 0 1 0
96%
Kane 6 1 1 0 2 /// 2
92%
De Bruyne 4 /// 3 0 1 0 0
90%
Rashford 7 1 3 /// 1 1 1
87%
Salah 9 2 1 3 /// 3 0
87%
Son 2 0 0 1 1 /// 0
85%
Jesus 3 0 /// 0 1 1 1
83%
Saka 5 1 /// 2 2 0 0
83%
Grealish 3 /// 1 1 1 0 0
77%
Martinelli 2 0 /// 0 2 0 0
75%
Gundogan 1 /// 0 0 1 0 0
73%
Mahrez 3 /// 0 0 0 2 1
73%
Nunez 3 0 1 2 /// 0 0
73%
Foden 3 /// 0 3 0 0 0
71%
Odegaard 3 0 /// 0 0 1 2
69%
Diaz 1 0 0 0 /// 1 0
67%
Jota 1 0 0 0 /// 1 0
65%
Alvarez 3 /// 0 0 1 1 1
63%
Firmino 3 0 2 1 /// 0 0
63%
Bruno Fernandes 3 1 0 /// 0 1 1
58%
Martial 3 2 0 /// 0 0 1
54%
Gakpo 2 0 0 2 /// 0 0
48%
Sancho 2 0 0 /// 1 1 0
48%
Casemiro 2 0 0 /// 0 0 2
42%
Richarlison 1 0 0 0 1 /// 0
42%
Xhaka 1 0 /// 0 0 1 0
42%
Antony 2 1 1 /// 0 0 0
40%
Kulusevski 1 1 0 0 0 /// 0
40%
Nketiah 2 0 /// 2 0 0 0
38%
Stones 1 /// 1 0 0 0 0
38%
Gabriel 1 0 /// 0 0 0 1
37%
Partey 1 0 /// 0 0 1 0
35%
Fred 1 0 0 /// 0 1 0
33%
Martinez 1 0 1 /// 0 0 0
31%
James 1 0 0 0 0 1 ///
29%
Felix 1 0 0 1 0 0 ///
27%
Jorginho 1 0 0 1 0 0 ///
25%
Porro 1 0 0 1 0 /// 0
21%
Koulibaly 1 0 0 0 0 1 ///
19%
Emerson 1 1 0 0 0 /// 0
17%
Hojbjerg 1 0 0 0 0 /// 1
17%
Jones 1 0 0 0 /// 1 0
17%
Holding 1 1 /// 0 0 0 0
15%
Madueke 1 0 1 0 0 0 ///
12%
Skipp 1 0 0 0 0 /// 1
10%
Lloris (C.S.C) 1 0 1 0 0 /// 0
0%
Aucun quiz correspondant
Distribution des résultats
% des personnes avec chaque résultat
Percentile par nombre de réponses
Votre historique - résultats
Vous n’avez pas pris ce quiz